Districts of Tonga with a Map - Statistics

General Stats
  • This quiz has been taken 68 times
  • The average score is 12 of 23
Answers on the Map
Answers color-coded by a green-red scale on the quiz's map according to % correct below.
 
Answer Stats
Districts % Correct
Neiafu
76%
Hihifo
62%
Pangai
62%
Vaini
62%
Foa
59%
Lapaha
59%
Hahake
55%
Kolovai
55%
Motu
55%
Nukunuku
55%
'Uiha
55%
'Eua Fo'ou
52%
Kolomotu'a
52%
Leimatu'a
52%
Niuatoputapu
52%
'Eua Motu'a
48%
Ha'ano
48%
Lulunga
48%
Mu'omu'a
48%
Niuafo'ou
48%
Tatakamotonga
48%
Kolofo'ou
45%
Pangaimotu
45%
No matching quizzes found
Score Distribution
Percent of People with Each Score
Percentile by Number Answered
Your Score History
You have not taken this quiz